<?xml version="1.0" encoding="UTF-8"?>
<record
    xmlns:xsi="http://www.w3.org/2001/XMLSchema-instance"
    xsi:schemaLocation="http://www.loc.gov/MARC21/slim http://www.loc.gov/standards/marcxml/schema/MARC21slim.xsd"
    xmlns="http://www.loc.gov/MARC21/slim">

  <leader>02693nam a2200337 i 4500</leader>
  <controlfield tag="001">991027019325307026</controlfield>
  <controlfield tag="003">UkOxU</controlfield>
  <controlfield tag="007">t|</controlfield>
  <controlfield tag="008">240502s2024    enka          000|f eng d</controlfield>
  <datafield tag="020" ind1=" " ind2=" ">
    <subfield code="a">9781529936711</subfield>
    <subfield code="q">hardback</subfield>
  </datafield>
  <datafield tag="024" ind1="8" ind2=" ">
    <subfield code="a">CIPO000099761</subfield>
  </datafield>
  <datafield tag="035" ind1=" " ind2=" ">
    <subfield code="a">()9781529936711</subfield>
  </datafield>
  <datafield tag="035" ind1=" " ind2=" ">
    <subfield code="a">(StEdALDL)1/4506067</subfield>
  </datafield>
  <datafield tag="040" ind1=" " ind2=" ">
    <subfield code="a">StDuBDS</subfield>
    <subfield code="b">eng</subfield>
    <subfield code="c">StDuBDS</subfield>
    <subfield code="e">rda</subfield>
    <subfield code="d">UkOxU</subfield>
  </datafield>
  <datafield tag="041" ind1="1" ind2=" ">
    <subfield code="a">eng</subfield>
    <subfield code="h">jpn</subfield>
  </datafield>
  <datafield tag="100" ind1=" " ind2=" ">
    <subfield code="a">Ishida, Syou,</subfield>
    <subfield code="d">1975-</subfield>
    <subfield code="e">author.</subfield>
  </datafield>
  <datafield tag="240" ind1="1" ind2="0">
    <subfield code="a">Neko o shoh&#x14D; itashimasu.</subfield>
    <subfield code="l">English</subfield>
  </datafield>
  <datafield tag="245" ind1="1" ind2="0">
    <subfield code="a">We'll prescribe you a cat </subfield>
    <subfield code="c">/ Syou Ishida ; translated from the Japanese by E. Madison Shimoda.</subfield>
  </datafield>
  <datafield tag="264" ind1=" " ind2="1">
    <subfield code="a">London :</subfield>
    <subfield code="b">Doubleday,</subfield>
    <subfield code="c">2024.</subfield>
  </datafield>
  <datafield tag="300" ind1=" " ind2=" ">
    <subfield code="a">250 pages ;</subfield>
    <subfield code="c">21 cm</subfield>
  </datafield>
  <datafield tag="500" ind1=" " ind2=" ">
    <subfield code="a">First published in Japanese as Neko o shoh&#x14D; itashimasu by PHP Institute, 2023 [title page verso quotes transliterated title as Neko wo shoh&#x14D; itashimasu].</subfield>
  </datafield>
  <datafield tag="500" ind1=" " ind2=" ">
    <subfield code="a">Illustrations by Alissa Levy.</subfield>
  </datafield>
  <datafield tag="520" ind1=" " ind2=" ">
    <subfield code="a">For fans of The Travelling Cat Chronicles, The Cat Who Saved Books and She and Her Cat, discover the Japanese bestseller that celebrates the healing power of cats.

A cat a day keeps the doctor away ...

On the top floor of an old building at the end of a cobbled alley in Kyoto lies the Kokoro Clinic for the Soul. Only a select few - those who feel genuine emotional turmoil - can find it.

The mysterious centre offers a unique treatment for its troubled patients: it prescribes cats as medication.

Get ready to fall in love:
- Bee, an eight-year-old female, mixed breed helps a young man deal with the anxiety of a corporate sales job he despises;
- Margot, muscly like a lightweight boxer, helps Koga a family man and callcentre worker with severe insomnia;
- Koyuki, an exquisite white cat brings closure to Megumi a young mother whose own parents forced her to abandon an adored rescue kitten;
- Tank and Tangerine bring peace to a high-flying handbag designer Tomoko, as she learns to let go of her perfectionism and be kinder to herself;
- Mimita, the Scottish Fold kitten helps a broken-hearted young Geisha to stop blaming herself for the cat she lost years ago;

Follow how each cat brings joy, hope and self-discovery to the human who is lucky enough to have them in this utterly charming, vibrant celebration of the healing power of cats.

Containing five exquisite cat line-drawings, discover the inspirational story that has become an international sensation.</subfield>
  </datafield>
  <datafield tag="546" ind1=" " ind2=" ">
    <subfield code="a">Translated from the Japanese.</subfield>
  </datafield>
  <datafield tag="650" ind1=" " ind2="0">
    <subfield code="a">Magical Realism</subfield>
    <subfield code="9">12856</subfield>
  </datafield>
  <datafield tag="650" ind1=" " ind2="0">
    <subfield code="a">Japanese Literature</subfield>
    <subfield code="9">12858</subfield>
  </datafield>
  <datafield tag="650" ind1=" " ind2="0">
    <subfield code="a">Cats </subfield>
    <subfield code="v">Fiction</subfield>
    <subfield code="9">24146</subfield>
  </datafield>
  <datafield tag="700" ind1=" " ind2=" ">
    <subfield code="a">Shimoda, E. Madison,</subfield>
    <subfield code="e">translator.</subfield>
    <subfield code="9">25076</subfield>
  </datafield>
  <datafield tag="700" ind1=" " ind2=" ">
    <subfield code="a">Levy, Alissa,</subfield>
    <subfield code="e">illustrator.</subfield>
    <subfield code="9">25077</subfield>
  </datafield>
  <datafield tag="942" ind1=" " ind2=" ">
    <subfield code="2">lcc</subfield>
  </datafield>
  <datafield tag="952" ind1=" " ind2=" ">
    <subfield code="0">0</subfield>
    <subfield code="1">0</subfield>
    <subfield code="2">lcc</subfield>
    <subfield code="4">0</subfield>
    <subfield code="7">0</subfield>
    <subfield code="a">TBS</subfield>
    <subfield code="b">TBS</subfield>
    <subfield code="d">2025-03-27</subfield>
    <subfield code="l">2</subfield>
    <subfield code="o">P-EN ISH</subfield>
    <subfield code="p">B05929</subfield>
    <subfield code="r">2026-04-30</subfield>
    <subfield code="s">2026-03-24</subfield>
    <subfield code="t">1</subfield>
    <subfield code="w">2025-03-27</subfield>
    <subfield code="y">1</subfield>
  </datafield>
  <datafield tag="999" ind1=" " ind2=" ">
    <subfield code="c">4604</subfield>
    <subfield code="d">4604</subfield>
  </datafield>
</record>
